000 00558nam a22001932 4500
001 0000006382
005 20151217145832.0
008 071024s xx 000 0 eng d
020 _a1573921858 :
_cKES 3800
040 _aKABU
_cKABU
245 1 0 _aPhilosophy of biology /
_ced. by Michael Ruse.
260 _aNew York :
_bPrometheus Books,
_c1998.
300 _aix, 370 p.
650 0 _aBiology
_xPhilosophy.
_@0000155255
700 1 _aRuse, Michael.
_@0000157883
908 _a071024
950 _@1
999 _c3117
_d3117